Champions du monde de F1 par année - Statistiques

Statistiques générales
  • Ce quiz a été pris 154 fois
  • Le résultat moyen est 54 sur 76
Statistiques - réponses
Année Pays Champions % Correct
2025 Royaume-Uni Lando Norris
100%
2024 Pays-Bas Max Verstappen
99%
2023 Pays-Bas Max Verstappen
98%
2022 Pays-Bas Max Verstappen
98%
2020 Royaume-Uni Lewis Hamilton
97%
2019 Royaume-Uni Lewis Hamilton
97%
2018 Royaume-Uni Lewis Hamilton
97%
2017 Royaume-Uni Lewis Hamilton
97%
2015 Royaume-Uni Lewis Hamilton
97%
2014 Royaume-Uni Lewis Hamilton
97%
2021 Pays-Bas Max Verstappen
97%
2013 Allemagne Sebastian Vettel
96%
2012 Allemagne Sebastian Vettel
96%
2011 Allemagne Sebastian Vettel
96%
2010 Allemagne Sebastian Vettel
96%
2006 Espagne Fernando Alonso
95%
2005 Espagne Fernando Alonso
95%
2016 Allemagne Nico Rosberg
93%
2004 Allemagne Michael Schumacher
91%
2003 Allemagne Michael Schumacher
91%
2002 Allemagne Michael Schumacher
91%
2001 Allemagne Michael Schumacher
91%
2000 Allemagne Michael Schumacher
91%
1993 France Alain Prost
90%
1991 Brésil Ayrton Senna
90%
1990 Brésil Ayrton Senna
90%
2007 Finlande Kimi Räikkönen
90%
2008 Royaume-Uni Lewis Hamilton
90%
1989 France Alain Prost
89%
1988 Brésil Ayrton Senna
89%
1986 France Alain Prost
87%
1985 France Alain Prost
87%
1997 Canada Jacques Villeneuve
85%
1994 Allemagne Michael Schumacher
84%
1995 Allemagne Michael Schumacher
83%
2009 Royaume-Uni Jenson Button
81%
1999 Finlande Mika Häkkinen
76%
1998 Finlande Mika Häkkinen
76%
1984 Autriche Niki Lauda
72%
1957 Argentine Juan Manuel Fangio
66%
1956 Argentine Juan Manuel Fangio
66%
1955 Argentine Juan Manuel Fangio
66%
1954 Argentine Juan Manuel Fangio
66%
1996 Royaume-Uni Damon Hill
65%
1951 Argentine Juan Manuel Fangio
65%
1987 Brésil Nelson Piquet
64%
1992 Royaume-Uni Nigel Mansell
63%
1977 Autriche Niki Lauda
63%
1983 Brésil Nelson Piquet
62%
1975 Autriche Niki Lauda
62%
1953 Italie Alberto Ascari
61%
1952 Italie Alberto Ascari
61%
1981 Brésil Nelson Piquet
60%
1976 Royaume-Uni James Hunt
56%
1950 Italie Giuseppe Farina
55%
1982 Finlande Keke Rosberg
53%
1974 Brésil Emerson Fittipaldi
49%
1972 Brésil Emerson Fittipaldi
49%
1979 Afrique du Sud Jody Scheckter
49%
1978 États-Unis Mario Andretti
49%
1969 Royaume-Uni Jackie Stewart
47%
1973 Royaume-Uni Jackie Stewart
46%
1962 Royaume-Uni Graham Hill
45%
1971 Royaume-Uni Jackie Stewart
45%
1968 Royaume-Uni Graham Hill
44%
1965 Royaume-Uni Jim Clark
43%
1963 Royaume-Uni Jim Clark
43%
1980 Australie Alan Jones
41%
1970 Autriche Jochen Rindt
39%
1960 Australie Jack Brabham
38%
1961 États-Unis Phil Hill
38%
1959 Australie Jack Brabham
37%
1966 Australie Jack Brabham
36%
1958 Royaume-Uni Mike Hawthorn
35%
1967 Nouvelle-Zélande Denny Hulme
34%
1964 Royaume-Uni John Surtees
32%
Aucun quiz correspondant
Distribution des résultats
% des personnes avec chaque résultat
Percentile par nombre de réponses
Votre historique - résultats
Vous n’avez pas pris ce quiz